000 00860nam a2200205 a 4500
008 0311 t1999||||ag a g |||| 001 1|spa d
020 _a9509807451
041 _aspa
092 _c808.8
_l33
_sHEL
100 1 _aHelft, Nicolás
_93328
245 _aCrítica. Revista Multicolor de los sábados 1933-1934.
_bEdición completa en CD-rom /
_cNicolás Helft
250 _a1a ed.
_bPrólogo Horacio Salas
260 _aBuenos Aires:
_bFondo Nacional de las Artes;
_c1999.
300 _a83 p.
_eCD-Rom y Folleto de la revista original
500 _aHelft, N. (1999). Crítica. Revista multicolor de los sábados 1933-1934. Edición completa con CD-rom. (1a ed.). Buenos Aires : Fondo Nacional de las Artes.
590 _aProyecto 4to libro, donacion Fondo Nacional de las Artes, octubre 2017.
655 _aLiteratura
_92917
930 _a3990
942 _2ddc
_cLIT
999 _c2566
_d2566